23 miembros de NCT - Estadísticas

Estadísticas generales
  • Esta prueba ha sido intentada 346 veces
  • La puntuación promedio es 20 de 23
Estadísticas de respuestas
Respuesta % Correcto
mark
95%
taeyong
93%
taeil
92%
jisung
91%
johnny
91%
chenle
90%
yuta
90%
jaehyun
89%
ten
89%
haechan
88%
jaemin
88%
lucas
88%
winwin
88%
hendery
85%
jeno
85%
doyoung
84%
jungwoo
84%
yangyang
84%
kun
82%
xiaojun
79%
renjun
78%
shotaro
76%
sungchan
74%
No se encontraron pruebas coincidentes
Distribución de puntuación
Porcentaje de gente con cada puntuación
Porcentaje por número respondido
Historial de tus puntuaciones
No has intentado esta prueba.